01512cam a22003375a 45000010009000000050017000090080041000260200028000670200025000950400052001200430012001720820021001841000034002052450056002392600052002953000059003474900059004065000027004655000024004925040033005165050290005496500028008396500043008676510010009106530020009206550024009407000027009649420008009919990017009999520158010161454026820150602151619.0060908t2007 ctuado frbd 001 0 eng d a0313338248 (alk. paper) a9780313338243 (hbk.) aDLCcDLCdBAKERdC#PdYDXCPdUKMdDLCdEG-ScBUE an-us---00a332.642222bHAF1 aHafer, R. W.q(Rik W.)93805214aThe stock market /cRik W. Hafer and Scott E. Hein. aWestport ;aLondon :bGreenwood Press,cc.2007. axxvii, 140 p. :bcharts, photographs, tables ;c25 cm.0 aGreenwood guides to business and economics,x1559-2367 aGlossary : p. 127-132. aIndex : p. 137-140. aBibliography : p. [133]-136.0 aA brief history of the U.S. stock market -- Stocks in today's economy -- Today's stock market in action -- Recent innovations in stocks and stock markets -- Regulation of the stock market -- Stock markets abroad -- Summing it up -- Companies listed in the Dow Jones Industrial Average. 0aStock exchanges.2BUEsh 0aStock exchangeszUnited States.2BUEsh 2BUEsh bBUSECOcMay2015 vreading book9342321 aHein, Scott E.,d1949- 2ddc c19391d19363 00102ddc40708BaccahaMAINbMAINc1STd2015-05-20epurchaseg422.00h22487l6m27o332.642 HAFp000038260r2025-07-15 00:00:00s2024-09-09v528.00yBB